| 000 | 00481nam a2200133Ia 4500 | ||
|---|---|---|---|
| 008 | 260210s9999 xx 000 0 und d | ||
| 024 | _a04B-014-TE, 04B-018-TE, 04B-011-TE & 04B-004-TE | ||
| 082 | _a621.382072 AHS | ||
| 100 | _aAhsan Tahir, Umair Aftab, Akbar Uddin Shaheryar & Muhammad Zohaib Khan | ||
| 245 | 0 | _aIntegrated Service Access Network | |
| 260 |
_aKarachi: _bUITU, _c2004 |
||
| 600 | _aTelecommunication Engineering | ||
| 650 | _aBachelor of Engineering (BE) | ||
| 999 |
_c33530 _d33530 |
||